Hỏi - đáp về chế độ, chính sách đối với học sinh, sinh viên
Sách gồm 2 phần trình bày một số văn bản quy định về chế độ, chính sách đối với học sinh, sinh viên; Hỏi - Đáp về chế độ, chính sách đối với học sinh, sinh viên.
שמור ב:
| פורמט: | ספר |
|---|---|
| שפה: | Undetermined |
| יצא לאור: |
Hà Nội
Lao động - Xã hội
2008
|
| נושאים: | |
| תגים: |
הוספת תג
אין תגיות, היה/י הראשונ/ה לתייג את הרשומה!
|
| Thư viện lưu trữ: | Trung tâm Học liệu Trường Đại học Cần Thơ |
|---|
| LEADER | 00838nam a2200181Ia 4500 | ||
|---|---|---|---|
| 001 | CTU_152647 | ||
| 008 | 210402s9999 xx 000 0 und d | ||
| 082 | |a 379.597 | ||
| 082 | |b H428 | ||
| 245 | 0 | |a Hỏi - đáp về chế độ, chính sách đối với học sinh, sinh viên | |
| 260 | |a Hà Nội | ||
| 260 | |b Lao động - Xã hội | ||
| 260 | |c 2008 | ||
| 520 | |a Sách gồm 2 phần trình bày một số văn bản quy định về chế độ, chính sách đối với học sinh, sinh viên; Hỏi - Đáp về chế độ, chính sách đối với học sinh, sinh viên. | ||
| 650 | |a Education and state,Nhà nước và giáo dục | ||
| 650 | |z Vietnam,Việt Nam | ||
| 904 | |i Hải | ||
| 980 | |a Trung tâm Học liệu Trường Đại học Cần Thơ | ||